Szczegóły MARC21

Degradacja środowiska przyrodniczego południowego skłonu Wyżyny Meghalaya, Indie /

003 -Nazwa inst., której nr kontr. jest w polu 001 [,]
    • @
    • Nazwa instytucji, której n kontrolny jest w polu 001
    • NUKAT
005 -DATA I CZAS OSTATNIEJ MODYFIKACJI [,]
    • @
    • pole kontrolne
    • 20241231103311.0
020 -Międzynarod. znormalizowany nr książki - ISBN [ , ]
    • a
    • Numer ISBN
    • 9788387954772 Find
040 -Instytucja sporządzająca opis [ , ]
    • a
    • Instytucja, która sporządziła opis (NP)
    • WA 51/EP
    • c
    • Instytucja, która sporządziła rekord (NP)
    • WA 51/EP
    • d
    • Instytucja, która zmodyfikowała rekord (P)
    • WA 51/EP
    • d
    • Instytucja, która zmodyfikowała rekord (P)
    • WA U/JKs
    • d
    • Instytucja, która zmodyfikowała rekord (P)
    • WA U/96hjcs
    • d
    • Instytucja, która zmodyfikowała rekord (P)
    • WA 51/IP
041 -Język dokumentu [0, ]
    • a
    • Język tekstu (P)
    • polski
    • b
    • Język streszczeń lub abstraktu (P)
    • angielski
942 -Rodzaj dokumentu [ , ]
    • c
    • Rodzaj dokumentu
    • Książka
100 -Hasło główne - nazwa osobowa [1, ]
    • a
    • Nazwa osobowa (NP)
    • Prokop, Paweł.
    • 9
    • KHW
    • 53197
245 -Strefa tytułu i oznaczenia odpowiedzialności [1,0]
    • a
    • Tytuł
    • Degradacja środowiska przyrodniczego południowego skłonu Wyżyny Meghalaya, Indie / Find
    • c
    • Pozostałe elementy strefy tytułu i oznaczenia odpowiedzialności (NP)
    • Paweł Prokop.
246 -Wariant tytułu [1,5]
    • a
    • Tytuł (NP)
    • Land degradation of the southern slope of the Meghalaya Plateau, India
260 -Strefa adresu wydawniczego [ , ]
    • a
    • Miejsce wydania (P)
    • Warszawa :
    • b
    • Nazwa wydawcy (P)
    • Instytut Geografii i Przestrzennego Zagospodarowania PAN im. Stanisława Leszczyckiego,
    • c
    • Data wydania (P)
    • 2007.
300 -Strefa opisu fizycznego [ , ]
    • a
    • Określenie formy książki i/lub objętość (NP)
    • 161 s., [4] k. tabl. kolor. :
    • b
    • Oznaczenie ilustracji (NP)
    • il. ;
    • c
    • Format (NP)
    • 24 cm.
336 -Typ zawartości [ , ]
    • a
    • Termin opisujący typ zawartości
    • Tekst
    • b
    • Kod określający zawartość
    • txt
    • 2
    • Źródło (terminu i kodu)
    • rdacontent
337 -Typ mediów [ , ]
    • a
    • Tryb odtwarzania
    • Bez urządzenia pośredniczącego
    • b
    • Kod typu mediów
    • n
    • 2
    • Źródło (terminu i kodu)
    • rdamedia
338 -Typ/rodzaj nośnika [ , ]
    • a
    • Hasło opisujące typ nośnika
    • Wolumin
    • b
    • Kod typu nośnika
    • nc
    • 2
    • Źródło (terminu i kodu)
    • rdacarrier
490 -Strefa serii i książki wielotomowej - forma nie do wyszukiwania [1, ]
    • a
    • Tytuł (P)
    • Prace Geograficzne = Find
    • a
    • Tytuł (P)
    • Geographical Studies / Polska Akademia Nauk. Instytut Geografii i Przestrzennego Zagospodarowania im. Stanisława Leszczyckiego, Find
    • x
    • ISSN (NP)
    • 0373-6547 ;
    • v
    • Numeracja (P)
    • nr 210
830 -Hasło dodatkowe serii i opisu książki wielotomowej - tytuł ujednolicony/tytuł [ ,0]
    • a
    • Tytuł ujednolicony/tytuł (NP)
    • Prace Geograficzne - Polska Akademia Nauk
    • x
    • ISSN
    • 0373-6547
    • v
    • Oznaczenie tomu (NP)
    • nr 210
    • 9
    • KHW
    • 15998
504 -Uwaga dot. bibliogr. załącznikowej [ , ]
    • a
    • Uwaga dot. bibliografii załącznikowej
    • Bibliogr. s. 137-151.
530 -Uwaga dot. innej postaci fizycznej dokumentu [ , ]
    • a
    • Uwaga dot. innej postaci fizycznej dokumentu
    • Dostępne również w formie elektronicznej.
546 -Uwaga dot. języka [ , ]
    • a
    • Uwaga dot. języka
    • Streszcz. ang.
080 -Uniwersalna Klasyfikacja Dziesiętna [ , ]
    • 2
    • Identyfikator wydania tablic
    • UDC-P058
    • 9
    • UKD
    • 4005
    • a
    • Symbol klasyfikacji
    • 504
    • b
    • Dopowiedzenie
    • Zagrożenia środowiska.
    • 4
    • UKD2
    • 15605
    • x
    • Poddział wspólny
    • (540)
    • c
    • Dopowiedzenie poddz. wspólnego
    • (Indie. Republika Indii).
650 -Hasło przedmiotowe [ ,7]
    • a
    • Hasło przedmiotowe
    • Erozja
    • z
    • Określnik geograficzny
    • Indie
    • z
    • Określnik geograficzny
    • Meghalaja (wyżyna).
    • 2
    • Źródło terminu
    • kaba
    • 9
    • KHW
    • 373128
650 -Hasło przedmiotowe [ ,7]
    • a
    • Hasło przedmiotowe
    • Środowisko przyrodnicze
    • x
    • Określnik rzeczowy
    • skutki działalności człowieka
    • z
    • Określnik geograficzny
    • Indie
    • z
    • Określnik geograficzny
    • Meghalaja (wyżyna)
    • x
    • Określnik rzeczowy
    • historia.
    • 2
    • Źródło terminu
    • kaba
    • 9
    • KHW
    • 373133
650 -Hasło przedmiotowe [ ,7]
    • a
    • Hasło przedmiotowe
    • Katastrofy naturalne
    • z
    • Określnik geograficzny
    • Indie
    • z
    • Określnik geograficzny
    • Meghalaja (wyżyna).
    • 2
    • Źródło terminu
    • kaba
    • 9
    • KHW
    • 373130
650 -Hasło przedmiotowe [ ,7]
    • a
    • Hasło przedmiotowe
    • Zasoby mineralne
    • x
    • Określnik rzeczowy
    • aspekt środowiskowy
    • z
    • Określnik geograficzny
    • Indie
    • z
    • Określnik geograficzny
    • Meghalaja (wyżyna).
    • 2
    • Źródło terminu
    • kaba
    • 9
    • KHW
    • 373131
650 -Hasło przedmiotowe [ ,7]
    • a
    • Hasło przedmiotowe
    • Użytkowanie lasu
    • x
    • Określnik rzeczowy
    • aspekt środowiskowy
    • z
    • Określnik geograficzny
    • Indie
    • z
    • Określnik geograficzny
    • Meghalaja (wyżyna).
    • 2
    • Źródło terminu
    • kaba
    • 9
    • KHW
    • 373132
650 -Hasło przedmiotowe [ ,7]
    • a
    • Hasło przedmiotowe
    • Użytkowanie gruntów
    • x
    • Określnik rzeczowy
    • aspekt środowiskowy
    • z
    • Określnik geograficzny
    • Umiew, Dorzecze.
    • 2
    • Źródło terminu
    • kaba
    • 9
    • KHW
    • 373134
650 -Hasło przedmiotowe [ ,7]
    • a
    • Hasło przedmiotowe
    • Erozja gleb
    • z
    • Określnik geograficzny
    • Umiew, Dorzecze
    • x
    • Określnik rzeczowy
    • modele matematyczne.
    • 2
    • Źródło terminu
    • kaba
    • 9
    • KHW
    • 373127
650 -Hasło przedmiotowe [ ,7]
    • a
    • Hasło przedmiotowe
    • Hydrologia
    • z
    • Określnik geograficzny
    • Umiew, Dorzecze.
    • 2
    • Źródło terminu
    • kaba
    • 9
    • KHW
    • 373129
651 -Hasło przedmiotowe w formie nazwy geograficznej [ ,7]
    • a
    • Nazwa geograficzna
    • Meghalaja (Indie ; wyżyna).
    • 2
    • Źródło terminu
    • kaba
    • 9
    • KHW
    • 179166
980 -Symbol UKD [ , ]
    • a
    • UKD
    • 504(540)
856 -Dostęp do wersji elektronicznej [4,1]
920 -ISBN [ , ]
    • a
    • ISBN
    • 978-83-87954-77-2 Find
Numer inwentarzowy Status udost. Data inwentaryzacji Lokalizacja
Z.11691512013-04-04BG